|
|
|
|
| LEADER |
00000cam a2200000 7i4500 |
| 001 |
0000008631 |
| 002 |
000009407 |
| 005 |
20000330.0 |
| 020 |
|
|
|a 9830571076
|
| 090 |
0 |
0 |
|a 332
|b WSU
|
| 100 |
1 |
|
|a W.S.Uzala
|
| 245 |
1 |
0 |
|a Berapa duit di guna hari ini
|c W.S.Uzala
|
| 260 |
|
|
|a Kuala Lumpur :
|b Goodmark Enterprise ,
|c 1996
|
| 300 |
|
|
|a 65 p. :
|b ill. ;
|c 17 cm.
|
| 490 |
0 |
|
|a Motivasi mengawal diri
|
| 650 |
0 |
0 |
|a Economic development
|x Juvenile literature
|
| 999 |
|
|
|a 051697
|b BUKU
|c PINJAMAN
|e PERPUSTAKAAN KOMUNITI PETALING JAYA
|
| 999 |
|
|
|a 051698
|b BUKU
|c PINJAMAN
|e PERPUSTAKAAN KOMUNITI PETALING JAYA
|
| 999 |
|
|
|a 051699
|b BUKU
|c PINJAMAN
|e PERPUSTAKAAN KOMUNITI PETALING JAYA
|
| 999 |
|
|
|a 053763
|b BUKU
|c PINJAMAN
|e PERPUSTAKAAN KOMUNITI CAW KOTA DAMANSARA
|
| 999 |
|
|
|a 053764
|b BUKU
|c PINJAMAN
|e PERPUSTAKAAN KOMUNITI CAW KOTA DAMANSARA
|